3D building information modeling in use (Record no. 114393)
[ view plain ]
| 000 -LEADER | |
|---|---|
| fixed length control field | 01051cad a22002175a 4500 |
| 001 - CONTROL NUMBER | |
| control field | L156730 |
| 008 - FIXED-LENGTH DATA ELEMENTS--GENERAL INFORMATION | |
| fixed length control field | 120702s2012 xxk g 000 0 eng d |
| 035 ## - SYSTEM CONTROL NUMBER | |
| System control number | (Sirsi) u156730 |
| 041 0# - LANGUAGE CODE | |
| Language code of text/sound track or separate title | eng |
| 100 ## - MAIN ENTRY--PERSONAL NAME | |
| Personal name | Ball, Tim |
| 110 2# - MAIN ENTRY--CORPORATE NAME | |
| Corporate name or jurisdiction name as entry element | jhd architects |
| 245 00 - TITLE STATEMENT | |
| Title | 3D building information modeling in use |
| Remainder of title | presentation to MidKent College |
| Medium | [electronic resource] |
| 260 ## - PUBLICATION, DISTRIBUTION, ETC. | |
| Place of publication, distribution, etc. | [S.l.] |
| Name of publisher, distributor, etc. | [s.n.] |
| Date of publication, distribution, etc. | 2012 |
| 520 ## - SUMMARY, ETC. | |
| Summary, etc. | A presentation from a talk given to students at a further education college in Kent, England, by an architect and a builder introduces BIM. It explains how CAD and Building Information Modelling (BIM) is used from an architect's perspective and from a builder?s perspective, and shows the benefits of BIM over CAD. |
| 650 24 - SUBJECT ADDED ENTRY--TOPICAL TERM | |
| Topical term or geographic name entry element | BIM |
| 9 (RLIN) | 6219 |
| 651 #4 - SUBJECT ADDED ENTRY--GEOGRAPHIC NAME | |
| Geographic name | International |
| 690 ## - LOCAL SUBJECT ADDED ENTRY--TOPICAL TERM (OCLC, RLIN) | |
| Topical term or geographic name as entry element | BIM |
| 9 (RLIN) | 6219 |
| 700 1# - ADDED ENTRY--PERSONAL NAME | |
| Personal name | Pearson, Martin |
| 856 40 - ELECTRONIC LOCATION AND ACCESS | |
| Uniform Resource Identifier | <a href="https://www.jhdarchitects.co.uk/wp-content/uploads/2012/06/120617-jhd-Architects-MidKent-College-talk-18-June-2012.pdf">https://www.jhdarchitects.co.uk/wp-content/uploads/2012/06/120617-jhd-Architects-MidKent-College-talk-18-June-2012.pdf</a> |
| Public note | View the presentation free of charge at www.jhdarchitects.co.uk |
| 942 ## - ADDED ENTRY ELEMENTS (KOHA) | |
| Suppress in OPAC | 0 |
| Withdrawn status | Lost status | Source of classification or shelving scheme | Damaged status | Not for loan | Home library | Current library | Shelving location | Date acquired | Total Checkouts | Full call number | Barcode | Date last seen | Copy number | Price effective from | Koha item type |
|---|---|---|---|---|---|---|---|---|---|---|---|---|---|---|---|
| Dewey Decimal Classification | Virtual | Virtual | Online | 02/07/2012 | ONLINE PUBLICATION | 156730-2001 | 06/08/2019 | 1 | 06/08/2019 | Book |